Statistics for Eurovision Song Lyrics - Belgium

Click here to take the quiz!

General Stats

  • This quiz has been taken 26 times
  • The average score is 231 of 292

Answer Stats

Answer% Correct
I
100%
(I
100%
a
96%
be
92%
(Before
92%
Before
92%
on
92%
over
92%
over)
92%
party's
92%
the
92%
to
92%
you
92%
Are
88%
are
88%
got
88%
I'm
88%
fire
83%
fire,
83%
it
83%
soul
83%
tonight
83%
tonight)
83%
game
79%
gonna
79%
make
79%
move
79%
Or
79%
All
75%
all
75%
In
75%
in
75%
playing
75%
rules?
75%
still
75%
breaking
71%
can
71%
moves
71%
see
71%
that
71%
way
71%
we
71%
I'll
67%
it's
67%
oh)
67%
(Oh
67%
oh
67%
One
67%
pain
67%
Do
63%
drink
63%
fine
63%
from
63%
hurt
63%
is
63%
more
63%
time
63%
and
58%
cool?
58%
moonlight
58%
You're
58%
about
54%
just
54%
kids
54%
night
54%
shining
54%
sure
54%
think
54%
too?
54%
us
54%
chase
50%
fade,
50%
living
50%
proof
50%
roofs
50%
alright
46%
raise
46%
through
46%
Watch
46%
barely
42%
But
42%
paradise
38%
they
38%
was
33%
told
29%
Face-to-face,
17%
rаise
0%
roofѕ
0%

Score Distribution

Percentile by Number Answered

Percent of People with Each Score

Your Score History

You have not taken this quiz